Have a healthy baby : A doctor's guide to a safe pregnancy for mother and baby

Bibliographic Details
Main Author: Strom,Charles M.
Format: Book
Published: New York : Prentice hall press , 1988
Subjects:

MARC

LEADER 00000cam a2200000 7i4500
001 0000063657
005 20160607.0
008 160607
020 |a 0136235549 
090 0 0 |a 618.2043   |b STR 
100 1 |a Strom,Charles M. 
245 1 0 |a Have a healthy baby :   |b A doctor's guide to a safe pregnancy for mother and baby   |c Charles M.Strom 
260 |a New York :   |b Prentice hall press ,   |c 1988 
500 |a Includes index 
650 0 |a Fetus-diseases-prevention 
650 0 |a Perinatology-popular works 
650 0 |a Pregnancy 
999 |a 0000394082   |b Book   |c Adult Collection   |e Cawangan Pontian